Edwin Howland Blashfield : master American muralist (Record no. 157322)

MARC details
000 -LEADER
fixed length control field 01006nam a2200253Ia 4500
008 - FIXED-LENGTH DATA ELEMENTS--GENERAL INFORMATION
fixed length control field 191130s2009##################000#0#eng##
020 ## - INTERNATIONAL STANDARD BOOK NUMBER
ISBN 9780393732818
082 ## - DEWEY DECIMAL CLASSIFICATION NUMBER
Classification number 759.13 WEI
245 ## - TITLE STATEMENT
Title Edwin Howland Blashfield : master American muralist
Statement of responsibility, etc edited by Mina Rieur Weiner ; contributors, Anne E. Samuel, Gillian Britta Randell, Jeff Greene ; principal photography by Anne Day
250 ## - EDITION STATEMENT
Edition statement 1st ed
260 ## - PUBLICATION, DISTRIBUTION, ETC. (IMPRINT)
Place of publication New York
Name of publisher W. W. Norton & Company
Year of publication c2009
300 ## - PHYSICAL DESCRIPTION
Number of Pages 160 p. : ill. (chiefly col.) ; 31 cm
500 ## - GENERAL NOTE
General note Includes bibliographical references (147-151) and index
650 ## - SUBJECT ADDED ENTRY--TOPICAL TERM
Topical Term Blashfield, Edwin Howland, 1848-1936 - Criticism and interpretation
Topical Term Mural painting and decoration, American - 19th century
Topical Term Mural painting and decoration, American - 20th century
700 ## - ADDED ENTRY--PERSONAL NAME
Personal name Day, Anne
Personal name Weiner, Mina Rieur
991 ## -
-- 332465
Holdings
Withdrawn status Lost status Damaged status Not for loan Home library Current library Shelving location Date acquired Full call number Accession Number Price effective from Koha item type
        Anna Centenary Library Anna Centenary Library 6TH FLOOR, B WING 12.10.2020 759.13 WEI 345978 12.10.2020 English Books

Find us on the map